Chi phí đầu vào và khả năng cạnh tranh của một số sản phẩm ngành công nghiêph thực phẩm trên địa bàn thành phố Hồ Chí Minh
Gardado en:
| Autor Principal: | |
|---|---|
| Formato: | Libro |
| Idioma: | Undetermined |
| Publicado: |
Tp. HCM
2002
|
| Những chủ đề: | |
| Các nhãn: |
Engadir etiqueta
Sen Etiquetas, Sexa o primeiro en etiquetar este rexistro!
|
| Thư viện lưu trữ: | Trung tâm Học liệu Trường Đại học Cần Thơ |
|---|
| LEADER | 00608nam a2200145Ia 4500 | ||
|---|---|---|---|
| 001 | CTU_52876 | ||
| 008 | 210402s9999 xx 000 0 und d | ||
| 082 | |a 338.47'664 | ||
| 082 | |b V305 | ||
| 100 | |a Viện kinh tế thành phố Hồ Chí Minh | ||
| 245 | 0 | |a Chi phí đầu vào và khả năng cạnh tranh của một số sản phẩm ngành công nghiêph thực phẩm trên địa bàn thành phố Hồ Chí Minh | |
| 260 | |b Tp. HCM | ||
| 260 | |c 2002 | ||
| 650 | |a food processing by - products industry | ||
| 980 | |a Trung tâm Học liệu Trường Đại học Cần Thơ | ||